000 00680cab a22001935a 4500
001 L148459
008 090922s2009 xxk f 000 0 eng d
035 _a(Sirsi) u148459
041 0 _aeng
100 1 _aStagg, James
245 0 0 _aBalfour motors away in first
260 _c2009
490 _aContract Journal
_v447(6727) 14-15(2)
520 _aMonthly league table of new work winners in the past 12 months shows Balfour Beatty easily at the top. The M25 PFI project is the main reason for the success with few other notable contracts for other companies.
590 _aKA
651 4 _aUnited Kingdom
_y
690 _aBUILT ENVIRONMENT-CONSTRUCTION MARKET
942 _n0
999 _c81848
_d81848